000 00609nam a2200205Ii 4500
003 JO-AjNU
008 230606s9999||||xx |||||||||||||| ||und||
020 _a0-13-641415-X
040 _aJO-AjNU
_beng
_erda
_cJO-AjNU
041 _aeng
050 1 4 _aHD31.J23.1982
100 3 _aJACKSON,John H/Cyril P.Morgan,
_eauthor
_92890
245 0 0 _aOrganization Theory A Macro perspective for Management
264 3 1 _aNEW Jersey:prentice Hall,1982
300 _a413p
336 _atext
_btxt
_2rdacontent
337 _aunmediated
_bn
_2rdamedia
338 _avolume
_bnc
_2rdacarrier
650 4 _aOrganization
_92891
999 _aE1514
_c1514
_d1514